Routledge handbook of public diplomacy

Salvato in:
Dettagli Bibliografici
Altri autori: Snow, Nancy, Taylor, Philip M.
Natura: Libro
Lingua:inglese
Pubblicazione: New York Routledge/Taylor & Francis Group 2009
Serie:Routledge international handbooks
Soggetti:
Tags: Aggiungi Tag
Nessun Tag, puoi essere il primo ad aggiungerne!!

MARC

LEADER 00000nam a2200000 4500
001 0128888
005 20240315115704.0
020 |a 978-0-415-95302-3 
041 0 |a eng 
044 |a US 
245 1 0 |a Routledge handbook of public diplomacy  |c edited by: Nancy Snow, Philip M. Taylor 
264 1 |a New York  |b Routledge/Taylor & Francis Group  |c 2009 
300 |a 382 s. 
490 1 |a Routledge international handbooks 
830 0 |a Routledge international handbooks 
610 2 0 |a vzťahy medzinárodné 
610 2 0 |a diplomacia 
610 2 0 |a práca s verejnosťou 
610 2 0 |a komunikácia 
610 2 0 |a konflikty medzinárodné 
610 2 0 |a dôsledky sociálne 
610 2 0 |a vzťahy zahraničné 
610 2 0 |a imidž 
610 2 0 |a kultúra 
610 2 0 |a etika 
610 2 0 |a paradigma 
610 2 0 |a porovnanie medzinárodné 
610 2 0 |a príručky 
700 1 |a Snow, Nancy 
700 1 |a Taylor, Philip M.